000 00488nam a2200181Ia 4500
008 230917s9999||||xx |||||||||||||| ||und||
020 _cRS490
040 _e251208
_aMAIN
041 _aEnglish
082 _a342 K48A(22)
100 _aKesari, U P D
245 0 _aLecurers on administrative law
250 _a22nd ed.
260 _aAllahabad
_bCentral Law Publications
_c2018
300 _axlviii, 656 p.
500 _a3319 05/11/2018 HBD18/7563 05/12/2018 Main Budget
942 _cBK
999 _c28847
_d28847